zpět

Detail výsledku týmu

Hells Bells Beer Pub, Praha

Datum a čas kvízu

18 Celkem bodů Celkový počet nahraných bodů na tomto kvízu bez doplňovacích otázek.
12. Pořadí na kvízu Konečné umístění týmu na tomto kvízu.

Zaznamenané odpovědi

# Otázka Odpověď Body Výsledky
1. První československý kosmonaut... 1
2. Anglická motoristická žurnalis... 0
3. Česká televize v loňském roce... 1
4. Ministerstvo dopravy vybralo v... 1
5. Minulý týden se začala prodáva... 1
6. Vzpomeňme v tomto tématu na zř... 1
7. Vyberte pravdivé tvrzení o For... 0
8. Jedno z jeho prvních děl bylo... 0
9. „Ježíši Kriste, přechytračil j... 1
10. Pěknou vzpomínku na Formana na... 0